MDQL
is popping MORE tags! Check the
thread
!
Quizzes
Events
Quiz Creation
Community
Videos
Private Events
Remove Ads
Sign In
Join for FREE
Feedback
Dark Mode
Quiz Categories
Sports
Geography
Music
Movies
Television
Just For Fun
Miscellaneous
History
Literature
Language
Science
Gaming
Entertainment
Religion
Holiday
For Kids
Quiz Lab
Recent
Popular Today
Quiz Kudos Today
Editor Picks
Curator Picks
Quizzes by...
Day
Popularity
Type
Ratings
Length
Year
Community
Subscriptions
Recent Discussions
Orange Saloon
Badges
Playlists
Quests
Create
Leaderboards
Showdown
Live 5
Trivia Bingo
Activity
Puzzle Library
Sporcle Events
Private Events
Virtual Trivia
Globe League
Become a Host
Pub Owners
SporcleCon
Opinionation
Our Games
Videos
Blog
Mobile Apps
Partnerships
Remove Ads and Go Orange
Feedback
Gaming
Video Games
Board Games
Card Games
Pokémon
Mario
Nintendo
Minecraft
Console
Toys
Legend of Zelda
Gaming
Video Games
Board Games
Card Games
Pokémon
Mario
Nintendo
Minecraft
Console
Toys
Legend of Zelda
Random Quiz
Search Sporcle
×
Quiz Lab
Quiz Lab
Gaming
Nintendo
Type in answers that appear in a list
Type in answers that appear in a list
Classic
Best Score? Go Orange.
Legend of Zelda Ocarina of Time-Locations Stats
Can You Name the Locations In the Legend of Zelda Ocarina of Time?
By
sparkman
25m
40 Questions
151 Plays
151 Plays
151 Plays
Comments
Comments
Give Quiz Kudos
Give Quiz Kudos
-
- Ratings
hide this ad
Replay
Link that replays current quiz
Next Quiz
Link to next quiz in quiz playlist
You Got
0%
They Got
Avg Score
76%
Avg Friend Score
Upgrade to see
Score Distribution
Jump to the score distribution portion of the page
Score
0/40
Timer
25:00
0
Plays Today
Locations
% Correct
Kokiri Forest
94%
Forest Temple
93.4%
Lost Woods
92.7%
Water Temple
92.7%
Fire Temple
92.7%
Lake Hylia
92.1%
Hyrule Castle
92.1%
Great Deku Tree
91.4%
Kakariko Village
91.4%
Death Mountain
90.7%
Hyrule Field
90.1%
Zora's Domain
90.1%
Shadow Temple
90.1%
Graveyard
89.4%
Dodongo's Cavern
88.1%
Spirit Temple
88.1%
Lord Jabu Jabu's Belly
87.4%
Lon Lon Ranch
86.8%
Ganon's Castle
84.8%
Hyrule Castle Grounds
83.4%
Locations
% Correct
Goron City
82.1%
Gerudo Fortress
82.1%
Zora's River
80.8%
Gerudo Valley
80.8%
Death Mountain Crater
77.5%
Ice Cavern
77.5%
Hyrule Town Market
75.5%
Bottom of the Well
75.5%
Ganon's Castle Grounds
74.8%
Desert Colossus
74.8%
Temple of Time
74.8%
Sacred Forest Meadow
74.2%
Zora's Fountain
70.2%
Haunted Wasteland
68.9%
Gerudo Training Grounds
64.2%
Fishing Pond
57.6%
Dampe's Tomb
48.3%
Great Fairy's Fountain
47.4%
Chamber of the Sages
46.4%
Underground Caves
37.7%
Quiz Playlist
Details
Report
Send in Message
Add To Playlist
Classic:
Type in answers that appear in a list
Last Updated: Oct 26, 2022
Quiz Scoreboard
CHALLENGE
Sign Up to Join the Scoreboard
Show All
Scores
Hide
Comments
May contain spoilers
Recently Published
1-10 Letter E Words III
by El_Dandy
Language
2m
Street Fighter Characters
by Artimus82
Gaming
60s
College Basketball Coaching Resumes
by pancakes188
Sports
9m
More to Explore
Quiz From the Vault
Featured Blog Post
Where Did the Easter Bunny Come From?
hide this ad
You Might Also Like...
Tags
Nintendo Quiz
legend
Today's Top Quizzes in Gaming
Browse Gaming
hide this ad
Today's Top Quizzes in Nintendo
Browse Nintendo
Top Contributed Quizzes in Gaming
1
5-to-1: Consoles
2
7-to-1: Board Game Piece Blitz
3
5-to-1: Legend of Zelda
4
League of Legends Pro Players by Career/Team History
5
Destiny 2 exotic weapons by perk icons
6
Ultimate Genshin Impact Logic Puzzle (up to 4.3)
7
Franchise by Action Figure
8
Who's on the WWE 2K24 Cover?
9
Genshin Impact Logic Puzzle Quiz
10
Order the Pokémon Regions
Explore More
Trending Topics
Anime
NBA
Marvel
Kpop
Disney
Crossword
Harry Potter
NFL
Song
WWE
Puzzle
Country
Pokémon
Soccer
The Office
hide this ad
More By:
sparkman
Quiz
Plays
Rating
Category
Featured
Created
ATP Tennis Grand Slam Finals from 1990 Onwards?
1,309
3.33
Sports
Jul 28, 2014
Dark Souls 3-Grab Bag
1,007
4.67
Gaming
May 30, 2016
Super Metroid-Grab Bag
872
4.56
Gaming
Feb 9, 2012
Plants vs Zombies Garden Warfare 2-Grab Bag
852
5.00
Gaming
Apr 12, 2016
Far Cry 3-Wildlife
766
4.50
Gaming
Jan 3, 2013
Go to Creator's Profile
Score Distribution
Quiz Creator Spotlight
sparkman
Follow
Send a Message
Quizzes Created
-
Created Quiz Play Count
-
More By This Creator
Popular Quizzes Today
1
Find the US States - No Outlines Minefield
2
Find the Countries of Europe - No Outlines Minefield
3
The Countries of the World
4
Find the US States
5
Risky Map Clicking: Biggest States A-Z
6
US States
7
Popular People in 1961
8
Movies - When Are They Set?
More Gaming Quizzes
Final Fantasy X Quote Quiz
Quiz Lab
Trending Quizzes
Risky Map Clicking: Least Populous States A-Z
Billboard Blitz: Aretha Franklin
Famous Russians: Author or Composer?
1-10 Letter G Words
Countries of the World: 200 Million BC
Recently Updated
Leaping Animals
pecheneg
Reality TV Shows (A-Z)
bhenderson79
Rickey Henderson's Hall of Fame Teammates
pecheneg
Champions League XIs: Arsenal
pecheneg
Quick Pick: Celebrities in WWE's Hall of Fame
aduchscher
A-Z Keypad Blitz II
pecheneg
Multiple Oscar Actors
pecheneg
Mystery Phrase Blitz: Oscar 'Best Actors'
pecheneg
F. Scott Fitzgerald Novels
LTH
Pick 3 Villains
ddd62291
Trending Topics
Kpop
NBA
Anime
Crossword
Harry Potter
Disney
Marvel
Pokémon
Puzzle
Song
Soccer
NFL
WWE
Country
The Office
Your Account Isn't Verified!
In order to create a playlist on Sporcle, you need to verify the email address you used during registration. Go to your
Sporcle Settings
to finish the process.
Report this User
Report this user for behavior that violates our
Community Guidelines
.
Details:
Send Report
Go to the Sporcle.com Mobile Site →
Comments